000 00489nam a2200181Ia 4500
008 230312s9999 xx 000 0 und d
041 _aeng
082 _a541.3
_b541.3 BAH
100 _aBahl A.
_9172114
245 _aEssentials Of Physical Chemistry
260 _c2009
_bS.Chand & Company Ltd.
300 _a1144
365 _cRs.
_b550.00
700 _aBahlB.S.TuliG.D.
_9172115
710 _aBahl A.; Bahl B.S. & Tuli G.D.
_9172116
906 _b247.5
999 _c132317
_d132317